| 000 | 00578nam a2200181Ia 4500 | ||
|---|---|---|---|
| 008 | 260520s2025 xx 000 0 und d | ||
| 020 | _a978-81-985619-0-9 | ||
| 041 | _amar | ||
| 082 | _a303.4/BHA | ||
| 100 | _aबोरकर, नलिनी | ||
| 245 | _aग्रामीण समुदायातील सामाजिक समस्या | ||
| 250 | _a1st ed | ||
| 260 |
_aनागपूर _bसाईनाथ प्रकाशन _c2025 |
||
| 300 | _a119p. | ||
| 500 | _aCat No: 14978 | ||
| 650 | _aSOCIOLOGY | ||
| 700 | _aभगत, राहुल | ||
| 999 |
_c1221784 _d1221784 |
||